000 00692cam a2200205 4500
001 ABS61183
008 000000n1999 000 0 eng u
035 _a(Sirsi) u101774
100 _aWhite, D.
245 _aBack in boom.
260 _c1999
490 _aBuilding
_v264(8103) 10 September 1999, 24-25(2)
520 _aDiscusses the indications of a boom in the construction industry, being driven by the south-east's housing boom, and considers whether this will lead to a crash.
650 _aCONSTRUCTION INDUSTRY
650 _aHOUSING MARKET
650 _aCONSTRUCTION ORDERS
650 _aBOOM AND BUST CYCLES
690 _aBUILDING AND CONSTRUCTION-ECONOMICS
942 _n0
999 _c60888
_d60888